Estatísticas para Cultura Geral

Clique aqui para jogar o quiz

Estatísticas Gerais

  • Esse quiz foi jogado 17 vezes
  • A pontuação média é 10 de 16

Estatísticas das Respostas

HintResposta% Correto
Que pássaro é um símbolo comum de paz, especialmente quando carrega um ramo de oliveira?Pomba
100%
Que tipo de pássaro exibe enormes penas de cauda com "olhos" neles?Pavão
92%
Que desporto cruel envolvendo gado foi proibido na Catalunha?Tourada
85%
Qual país tem mais vacas?Brasil
77%
A cor rosa distinta de qual pássaro é causada pelo beta-caroteno em sua dieta à base de plâncton?Flamingo
77%
Qual é o maior primatas?Gorila
77%
Qual é a maior ilha do Mar dos Caraíbas?Cuba
69%
Em que religião as vacas são veneradas?Hinduísmo
69%
Qual é a palavra para uma vaca jovem?Bezerro
62%
Quem foi a primeira mulher a ganhar um Prêmio Nobel?Marie Curie
62%
Como se diz água em francês?Eau
54%
Qual estado dos EUA tem mais vacas?Texas
54%
Que espécie de macaco que tem pelo laranja?Orangotango
46%
Qual é o único lugar na Europa onde vivem macacos selvagens?Gibraltar
15%
Que doença mortal se espalhou de macacos para humanos na África no início do século 20?HIV
15%
Que som faz uma vaca?Moo
8%

Distribuição das Pontuações

Percentil de Números Respondidos

Porcentagem de Pessoas com Cada Pontuação

Sua Pontuação Histórica

Você não jogou esse quiz